000 nam a22 a 4500
999 _c430918
_d430918
003 BLK
005 20210902120755.0
008 180409b bul|||||r ||||||| ||bul||
040 _aBLK
041 _aBUL
_cBUL
080 _aГеография на Азия
_b913(5)
_z913(5)
100 1 _aМеч, Сергей Павлович
_eпърви автор
_995173
139 _aМеч, Сергей Павлович
_bМ 52
245 1 0 _aСредна Азия
_cСергей Меч; прев. от рус. Иван Петров Кепов.
260 _bХристо Г. Данов
_c1898
_fПловдив : печ. Хр. Г. Данов
_aПловдив
300 _a52 с.
_c19 см
380 _a91
490 _9435080
_aКолекция Редки и ценни издания
650 4 _aАзия - география
_9179491
700 1 _aКепов, Иван Петров
_eпрев. от рус.
_9378640
852 _aРб 898
_bРц
856 4 _qpdf
856 4 _qpdf
942 _cKNG
_n0
_s1
944 _aCR
_c2021-09-02
_kНР
999 _d430872